000 00974nam a2200289 a 4500
001 000005212
003 DO-SdBNP
005 20250630104809.0
008 090818s2008 dr 000 0 spa d
020 _a9789945068733
040 _aDO-SdBNP
_bspa
_cBNPHU
082 4 _aRD863.44
_bV145r 2008
_222
100 1 _aValdez, Diógenes,
_d1941-2014
_914890
245 1 0 _aRetrato de dinosaurios en la Era de Trujillo /
_cDiógenes Valdez.
250 _a3a. ed.
260 _aSanto Domingo :
_bSantuario,
_c2008.
300 _a280 p. ;
_c23 cm.
490 _aSantuario
_v37
500 _aIncluye datos biográficos del autor en la solapa de la cubierta
590 _aInventariado, 2020 /LP
650 0 _aNovela histórica dominicana.
_9860
650 0 _aLiteratura dominicana.
_967
651 0 _aREPÚBLICA DOMINICANA
_xHISTORIA
_yERA DE TRUJILLO, 1930-1961
_xNOVELA
_921999
830 _aSantuario
_v37
_91539
910 _aValidado. Control de calidad MMOLINA
942 _2ddc
_cLBS1
999 _c5014
_d5014